[Event "Goiania FEXEG Cup"]
[Site "Goiania"]
[Date "2020.02.15"]
[Round "3"]
[White "Rezende, Uelton Fabricius Al"]
[Black "Raggiotto, Mauro Cezar"]
[Result "1-0"]
[WhiteElo "1748"]
[BlackElo "1457"]
[PlyCount "55"]
[EventDate "2020.02.14"]
[EventType "swiss"]
[EventRounds "5"]
[EventCountry "BRA"]
[SourceTitle "CBM 195 Extra"]
[Source "ChessBase"]
[SourceDate "2020.05.31"]
[SourceVersion "1"]
[SourceVersionDate "2020.05.31"]
[SourceQuality "1"]

1. Nf3 d5 2. c4 Nf6 3. cxd5 Qxd5 4. Nc3 Qd8 5. e4 Bg4 6. Be2 e6 7. e5 Nfd7 8. Qb3 b6 9. d4 Nc6 10. Be3 Be7 11. Qa4 Na5 12. d5 0-0 13. Qxg4 f5 14. exf6 Nxf6 15. Qxe6+ Rf7 16. Ne5 Qf8 17. 0-0 Nb7 18. Nxf7 Qxf7 19. Bf3 Bd6 20. Nb5 Nd8 21. Nxd6 cxd6 22. Qxf7+ Nxf7 23. Bd4 Ng5 24. Bxf6 Nxf3+ 25. gxf3 gxf6 26. Rfe1 Kf7 27. Rac1 a5 28. Rc6 1-0

[Event "Trindade FEXEG Cup"]
[Site "Trindade"]
[Date "2019.05.19"]
[Round "5"]
[White "Di Simoni, Rafaela Moura"]
[Black "Raggiotto, Mauro Cezar"]
[Result "1/2-1/2"]
[WhiteElo "1495"]
[BlackElo "1488"]
[PlyCount "36"]
[EventDate "2019.05.17"]
[EventType "swiss"]
[EventRounds "6"]
[EventCountry "BRA"]
[SourceTitle "CBM 190 Extra"]
[Source "ChessBase"]
[SourceDate "2019.07.15"]
[SourceVersion "1"]
[SourceVersionDate "2019.07.15"]
[SourceQuality "1"]

1. e4 e5 2. Nf3 Nc6 3. Bc4 Be7 4. d4 exd4 5. Nxd4 d6 6. 0-0 Bd7 7. Nc3 Nf6 8. Nf3 0-0 9. b3 Nb4 10. Bb2 Bc6 11. Re1 d5 12. exd5 Nbxd5 13. Nxd5 Nxd5 14. Ne5 Bc5 15. Nxc6 bxc6 16. Qg4 Nf6 17. Qf3 Nd5 18. Qg3 Nf6 1/2-1/2

[Event "Trindade FEXEG Cup"]
[Site "Trindade"]
[Date "2019.05.17"]
[Round "1"]
[White "Labussiere, Yago"]
[Black "Raggiotto, Mauro Cezar"]
[Result "1-0"]
[WhiteElo "2082"]
[BlackElo "1488"]
[PlyCount "87"]
[EventDate "2019.05.17"]
[EventType "swiss"]
[EventRounds "6"]
[EventCountry "BRA"]
[SourceTitle "CBM 190 Extra"]
[Source "ChessBase"]
[SourceDate "2019.07.15"]
[SourceVersion "1"]
[SourceVersionDate "2019.07.15"]
[SourceQuality "1"]

1. d4 d5 2. c4 e6 3. Nc3 Nf6 4. cxd5 exd5 5. Bg5 Be7 6. e3 0-0 7. Bd3 Nc6 8. Bxf6 Bxf6 9. Qh5 g6 10. Qxd5 Be6 11. Qxd8 Rfxd8 12. a3 a6 13. Nge2 Na5 14. Ne4 Bg7 15. Rc1 c6 16. 0-0 b5 17. Rc3 Nc4 18. Rb1 Rac8 19. Nc5 Ra8 20. Nxe6 fxe6 21. Bxc4 bxc4 22. Rxc4 Rdc8 23. Rbc1 Rab8 24. b4 Rb6 25. Nc3 Rb7 26. Na4 a5 27. bxa5 Ra7 28. Nb6 Rcc7 29. Rxc6 Rxc6 30. Rxc6 Rxa5 31. Rxe6 Rxa3 32. g3 Kf7 33. Rc6 Rd3 34. Rc7+ Kg8 35. Kf1 Rb3 36. Nc4 h5 37. d5 Rd3 38. d6 Kh7 39. d7 Kh6 40. e4 Bf8 41. Ne5 Rd4 42. d8Q Rxd8 43. Nf7+ Kg7 44. Nxd8+ 1-0

[Event "Goiania Regional-ch U2000"]
[Site "Goiania"]
[Date "2018.12.08"]
[Round "6"]
[White "Santos, Abel Cardoso Dos"]
[Black "Raggiotto, Mauro Cezar"]
[Result "1-0"]
[WhiteElo "1748"]
[BlackElo "1473"]
[PlyCount "81"]
[EventDate "2018.12.01"]
[EventType "tourn"]
[EventRounds "9"]
[EventCountry "BRA"]
[SourceTitle "CBM 190 Extra"]
[Source "ChessBase"]
[SourceDate "2019.07.15"]
[SourceVersion "1"]
[SourceVersionDate "2019.07.15"]
[SourceQuality "1"]

1. e4 e5 2. Nf3 Nc6 3. Bb5 d6 4. d4 exd4 5. Nxd4 Bd7 6. Nxc6 bxc6 7. Bd3 Nf6 8. 0-0 Be7 9. Nc3 0-0 10. b3 Re8 11. Bb2 d5 12. e5 Ng4 13. Na4 c5 14. Be2 Bxa4 15. bxa4 Rb8 16. Rb1 Nh6 17. Bb5 Rf8 18. Bc6 d4 19. Qh5 Rb6 20. Bb5 Qd5 21. c4 Qe4 22. Rfe1 Qg6 23. Qxg6 hxg6 24. a5 Re6 25. f4 Nf5 26. Bc1 Rb8 27. Bd2 c6 28. Ba6 Rxb1 29. Rxb1 g5 30. Bc8 Rh6 31. Bxf5 gxf4 32. Bxf4 Rh5 33. g4 Rh3 34. Rb8+ Bf8 35. e6 fxe6 36. Bxe6+ Kh7 37. Rxf8 Ra3 38. Bf5+ g6 39. Rf7+ Kg8 40. Bxg6 Rxa2 41. Bh6 1-0

[Event "Goiania op"]
[Site "Goiania"]
[Date "2017.05.27"]
[Round "4"]
[White "Raggiotto, Mauro Cezar"]
[Black "Felix, Luiza de Oliveira"]
[Result "0-1"]
[WhiteElo "1810"]
[BlackElo "1582"]
[PlyCount "96"]
[EventDate "2017.05.26"]
[EventType "swiss"]
[EventRounds "6"]
[EventCountry "BRA"]
[SourceTitle "CBM 178 Extra"]
[Source "ChessBase"]
[SourceDate "2017.06.22"]
[SourceVersion "1"]
[SourceVersionDate "2017.06.22"]
[SourceQuality "1"]

1. e4 c6 2. d4 d5 3. e5 Bf5 4. Nf3 h6 5. Be2 e6 6. 0-0 Ne7 7. Nc3 Nc8 8. a3 a5 9. Re1 Be7 10. a4 Na6 11. Bd3 Bxd3 12. Qxd3 0-0 13. b3 Na7 14. g3 Rc8 15. Ba3 Nb4 16. Qd1 Qc7 17. Na2 Nxc2 18. Bxe7 Nxe1 19. Bxf8 Nxf3+ 20. Qxf3 Kxf8 21. Rc1 Qe7 22. Nc3 Rc7 23. Qd3 c5 24. f4 cxd4 25. Qxd4 Qc5 26. Qxc5+ Rxc5 27. Ne2 Rxc1+ 28. Nxc1 Ke7 29. Kf2 Nc6 30. Nd3 Nd4 31. b4 axb4 32. Nxb4 Kd7 33. a5 Nc6 34. a6 Kc7 35. Nxc6 bxc6 36. Ke3 Kb6 37. Kd4 c5+ 38. Kc3 Kxa6 39. h4 Kb5 40. g4 d4+ 41. Kd3 Kb4 42. g5 hxg5 43. fxg5 g6 44. Kc2 c4 45. Kb2 d3 46. Kb1 Kb3 47. Kc1 d2+ 48. Kd1 Kb2 0-1

[Event "Goiania op"]
[Site "Goiania"]
[Date "2017.05.26"]
[Round "1"]
[White "Santos, Luciano da Silva"]
[Black "Raggiotto, Mauro Cezar"]
[Result "1-0"]
[WhiteElo "1888"]
[BlackElo "1810"]
[PlyCount "85"]
[EventDate "2017.05.26"]
[EventType "swiss"]
[EventRounds "6"]
[EventCountry "BRA"]
[SourceTitle "CBM 178 Extra"]
[Source "ChessBase"]
[SourceDate "2017.06.22"]
[SourceVersion "1"]
[SourceVersionDate "2017.06.22"]
[SourceQuality "1"]

1. e4 e5 2. Nf3 Nc6 3. Bc4 Bc5 4. 0-0 Nf6 5. d3 0-0 6. a4 a5 7. Re1 d6 8. h3 Be6 9. Nbd2 Bxc4 10. Nxc4 Re8 11. c3 Ba7 12. Be3 Bxe3 13. Rxe3 Qe7 14. Qb3 b6 15. Re2 Rad8 16. Ne3 Qd7 17. Kh2 Kh8 18. Rae1 Nh5 19. g3 Ne7 20. Ng5 Rf8 21. Nxf7+ Rxf7 22. Qxf7 Nf6 23. Nd5 Nfxd5 24. exd5 c6 25. dxc6 Nxc6 26. Qxd7 Rxd7 27. f4 h6 28. fxe5 dxe5 29. Re3 Rf7 30. Kg2 Rf5 31. Rf1 g6 32. Rxf5 gxf5 33. Rf3 Ne7 34. g4 f4 35. d4 Ng6 36. dxe5 Nh4+ 37. Kf2 Nxf3 38. Kxf3 Kg7 39. Kxf4 Kg6 40. h4 h5 41. g5 Kf7 42. Kf5 Kg7 43. e6 1-0

[Event "Brasilia Viva op"]
[Site "Brasilia"]
[Date "2017.05.01"]
[Round "7"]
[White "Da Silva, Renato Claudio Melo"]
[Black "Raggiotto, Mauro Cezar"]
[Result "1-0"]
[WhiteElo "1725"]
[BlackElo "1810"]
[PlyCount "99"]
[EventDate "2017.04.28"]
[EventType "swiss"]
[EventRounds "7"]
[EventCountry "BRA"]
[SourceTitle "CBM 178 Extra"]
[Source "ChessBase"]
[SourceDate "2017.06.22"]
[SourceVersion "1"]
[SourceVersionDate "2017.06.22"]
[SourceQuality "1"]

1. d4 d5 2. Nf3 Nc6 3. Bf4 e6 4. e3 Nf6 5. Nbd2 Be7 6. c3 0-0 7. Bd3 h6 8. 0-0 a6 9. h3 b5 10. Ne5 Bb7 11. Qe2 Nxe5 12. dxe5 Ne4 13. Rad1 Bg5 14. Qh5 g6 15. Qf3 Nxd2 16. Rxd2 c5 17. Rfd1 Bxf4 18. exf4 f5 19. c4 Rb8 20. Qg3 Kh7 21. cxb5 c4 22. Bxc4 Qa5 23. bxa6 Bxa6 24. Bxd5 Rbd8 25. b4 Qxb4 26. Rc1 Rc8 27. Rdc2 Rxc2 28. Rxc2 Qb1+ 29. Kh2 Qxc2 30. Qa3 Qc8 31. Bxe6 Qa8 32. Qe7+ Kh8 33. Qd6 Bf1 34. Bd5 Qd8 35. Qxg6 Qe7 36. e6 Rf6 37. Qh5 Rxe6 38. Qxf5 Rf6 39. Qc8+ Rf8 40. Qc1 Qd6 41. Qa1+ Qf6 42. Qxf1 Qxf4+ 43. Kg1 Qd4 44. Bb3 Re8 45. Qc1 Kg7 46. Qc7+ Kf6 47. Qf7+ Kg5 48. Qxe8 Qf6 49. Qg8+ Kh5 50. Qg4# 1-0

[Event "Brasilia Viva op"]
[Site "Brasilia"]
[Date "2017.04.30"]
[Round "4"]
[White "Dos Passos, Maria Eduarda Gibso"]
[Black "Raggiotto, Mauro Cezar"]
[Result "0-1"]
[WhiteElo "1739"]
[BlackElo "1810"]
[PlyCount "132"]
[EventDate "2017.04.28"]
[EventType "swiss"]
[EventRounds "7"]
[EventCountry "BRA"]
[SourceTitle "CBM 178 Extra"]
[Source "ChessBase"]
[SourceDate "2017.06.22"]
[SourceVersion "1"]
[SourceVersionDate "2017.06.22"]
[SourceQuality "1"]

1. d4 d5 2. c4 Nf6 3. cxd5 Nxd5 4. e4 Nb6 5. Nf3 Bg4 6. Be2 e6 7. Nc3 Bb4 8. a3 Bxc3+ 9. bxc3 0-0 10. Bd2 Nc6 11. 0-0 Bxf3 12. Bxf3 Nc4 13. Be3 f5 14. d5 Nxe3 15. fxe3 fxe4 16. Bxe4 Rxf1+ 17. Qxf1 exd5 18. Bc2 Qe7 19. Qe2 Qe5 20. Qd2 Qe6 21. Rf1 Na5 22. Qd3 Qe4 23. Qxe4 dxe4 24. Bxe4 c6 25. Re1 Nc4 26. Bd3 Nxa3 27. e4 Nb5 28. c4 Nd4 29. e5 Re8 30. c5 Ne6 31. Bc4 Kf8 32. Rf1+ Ke7 33. g4 Rd8 34. Kg2 Rd4 35. Be2 Nf4+ 36. Kg3 Nxe2+ 37. Kf2 Nf4 38. Ke3 Rd5 39. Kxf4 Rxc5 40. Re1 Ke6 41. h4 h6 42. Re4 b5 43. Rb4 Rc4+ 44. Rxc4 bxc4 45. Ke4 c5 46. h5 a5 47. Kf4 c3 48. g5 c2 49. Ke4 c1Q 50. gxh6 Qxh6 51. Kd3 Kxe5 52. Kc4 Qc1+ 53. Kb5 Kd6 54. Kxa5 Kc6 55. Ka4 c4 56. Kb4 c3 57. Kc4 c2 58. Kd4 Qf4+ 59. Kd3 c1R 60. h6 Qc4+ 61. Ke3 Qe6+ 62. Kd4 Qd6+ 63. Ke4 Re1+ 64. Kf5 Qf6+ 65. Kg4 Rg1+ 66. Kh5 Qxh6# 0-1

[Event "Brasilia Viva op"]
[Site "Brasilia"]
[Date "2017.04.30"]
[Round "5"]
[White "Xavier, Gabriel Vaz da Cost"]
[Black "Raggiotto, Mauro Cezar"]
[Result "0-1"]
[WhiteElo "1350"]
[BlackElo "1810"]
[PlyCount "77"]
[EventDate "2017.04.28"]
[EventType "swiss"]
[EventRounds "7"]
[EventCountry "BRA"]
[SourceTitle "CBM 178 Extra"]
[Source "ChessBase"]
[SourceDate "2017.06.22"]
[SourceVersion "1"]
[SourceVersionDate "2017.06.22"]
[SourceQuality "1"]

1. e4 e5 2. Nf3 Nc6 3. Bb5 d6 4. h3 Nf6 5. Nc3 a6 6. Ba4 Be6 7. d3 Be7 8. 0-0 0-0 9. Be3 b5 10. Bb3 Bxb3 11. axb3 d5 12. exd5 Nxd5 13. Ne4 Nxe3 14. fxe3 f5 15. Nf2 Bc5 16. Qe2 e4 17. dxe4 fxe4 18. Nxe4 Bb6 19. c3 Qe7 20. Nfd2 Rxf1+ 21. Rxf1 Rf8 22. Rxf8+ Kxf8 23. b4 Ne5 24. Kh1 Nc4 25. Nxc4 Qxe4 26. Nxb6 cxb6 27. Qf3+ Qxf3 28. gxf3 Kf7 29. Kg2 Kf6 30. Kg3 h6 31. b3 Kg5 32. h4+ Kf5 33. e4+ Ke5 34. Kg4 g6 35. Kg3 a5 36. bxa5 bxa5 37. b4 a4 38. c4 a3 39. cxb5 0-1

[Event "Brasilia Viva op"]
[Site "Brasilia"]
[Date "2017.04.29"]
[Round "2"]
[White "Olivo, Anibal Ribeiro"]
[Black "Raggiotto, Mauro Cezar"]
[Result "1-0"]
[WhiteElo "1601"]
[BlackElo "1810"]
[PlyCount "67"]
[EventDate "2017.04.28"]
[EventType "swiss"]
[EventRounds "7"]
[EventCountry "BRA"]
[SourceTitle "CBM 178 Extra"]
[Source "ChessBase"]
[SourceDate "2017.06.22"]
[SourceVersion "1"]
[SourceVersionDate "2017.06.22"]
[SourceQuality "1"]

1. e4 e5 2. Nf3 Nc6 3. Bb5 d6 4. 0-0 Nf6 5. Re1 Be7 6. h3 0-0 7. c3 a6 8. Ba4 b5 9. Bc2 Bb7 10. d4 b4 11. d5 Na5 12. cxb4 Nc4 13. b3 Nb6 14. Nbd2 c6 15. dxc6 Bxc6 16. a3 Nbd7 17. Nc4 Nxe4 18. Na5 Nc3 19. Qd3 e4 20. Qxc3 exf3 21. Nxc6 Qb6 22. Nxe7+ Kh8 23. Qxf3 Ne5 24. Qg3 g6 25. Bb2 Rae8 26. Bxe5+ dxe5 27. Qxe5+ f6 28. Qg3 Qd4 29. Qd3 Qh4 30. Qxa6 f5 31. Nd5 Qd4 32. Qc4 Qb2 33. Qc3+ Re5 34. Qxb2 1-0